Himnos y quejas. Poesías

Uloženo v:
Podrobná bibliografie
Hlavní autor: Eduardo, Isaac G (Autor)
Médium: Kniha
Jazyk:španělština
Vydáno: La Paz Imprenta Liberal 1888
Vydání:1a. ed
Témata:
Tagy: Přidat tag
Žádné tagy, Buďte první, kdo vytvoří štítek k tomuto záznamu!

MARC

LEADER 00000nam a2200000 a 4500
001 UCJ8387
003 CL-VaPUC
008 070124e18880000BO |||||||||||||||||spa|d
082 0 4 |a B861  |b EDU  |2 21 
100 0 |a Eduardo, Isaac G  |e author  |9 517170 
245 1 0 |a Himnos y quejas. Poesías 
250 |a 1a. ed 
300 |a 134 p 
942 |c BK 
945 |d 20070124 00:00:00  |a rinostro 
260 |a La Paz  |b Imprenta Liberal  |c 1888 
500 |a Advierte errata. Formato .15x.10 m 
650 0 |a Poesía boliviana   |9 341322 
583 |a last modification  |c 20070124 00:00:00  |k Rodrigo Vera 
999 |c 324132  |d 324130 
952 |0 0  |1 0  |4 0  |6 B_861_000000000000000_EDU_1888  |7 0  |8 X  |9 404069  |a FDOBUD  |b FDOBUD  |d 2019-11-22  |i 1077295  |o B861 EDU 1888  |p 1077295  |r 2019-11-22  |w 2019-11-22  |y BK_X  |k BUD